Danubius ukončil pôst 1. liga hádzanárok - 14. kolo: piaty tím delia od desiateho dva body

Bibliographic Details
Format: Article
Language:Slovak
Subjects:

MARC

LEADER 00000nab a2200000 a 4500
001 vtls000539412
003 SK-MaSNL
005 20260303012500.0
008 120928c1995 xo 0 slo
015 |a SNBRB19rr/mm-uuuuu 
035 |a CL0539550 
040 |a SNKBUCL  |b slo  |c SNKBUCL  |e AACR2 
041 0 |a slo 
044 |a xo  |c SK 
080 |a 796.322.093.1  |2 1981 
245 0 0 |a Danubius ukončil pôst  |b 1. liga hádzanárok - 14. kolo: piaty tím delia od desiateho dva body 
650 0 7 |a hádzaná  |2 snkbucl  |9 3292 
655 7 |a články z novín a časopisov  |2 snkbucl  |9 267496 
773 0 |t Šport  |g Roč. 49, č. 24 (30. 1. 1995), s. 13 
850 |a Slovenská národná knižnica v Martine  |a MTA001 
852 |a SNK  |b KIS3GCP 
958 |a RK 
992 |a RBX 
999 |c 1597439  |d 1599369